| 000 | 00598nam a2200181Ia 4500 | ||
|---|---|---|---|
| 003 | GCL | ||
| 008 | 140319s9999 xx 000 0 ara d | ||
| 040 |
_aGCL / _cGCL |
||
| 082 | 0 | 4 |
_a920 _bأ م |
| 100 | 1 | _aابراهيم الابيارى | |
| 245 | 1 | 0 |
_aمعاوية الرجل الذى أنشأ دولة / _cابراهيم الابيارى |
| 260 |
_a[S.N] : _bالهيئة المصرية العامة للكتاب ، _c1985 |
||
| 300 | _a275 ص | ||
| 490 |
_aاعلام العرب _v0 |
||
| 650 | 0 | 4 | _aالاسلام |
| 650 | 0 | 4 | _aمعاوية ابن ابى سفيان (ل) |
| 942 |
_2ddc _cBK |
||
| 999 |
_c28123 _d28123 |
||